| 000 | 01041nam a22002775a 4500 | ||
|---|---|---|---|
| 003 | OSt | ||
| 005 | 20170821150044.0 | ||
| 008 | 170802s2016 ua gr 000 0 ara d | ||
| 017 | _a2016 / 8745 | ||
| 020 | _a9789770817094 | ||
| 040 |
_aEG-ScBUE _bara _cEG-ScBUE |
||
| 043 | _af-ua--- | ||
| 082 | 0 | 4 |
_222 _a079.62 _bق ض ا |
| 245 | 0 | 0 |
_aقضايا الصحافة والصحفيين : _bأوراق المؤتمر العام الخامس للصحفيين. |
| 246 | 3 | 4 |
_aقضايا الصحافة والصحفيين : _bأوراق المؤتمر العام الخامس. |
| 260 |
_a[ القاهرة ] : _bأخبار اليوم، _c2016 |
||
| 300 |
_a175 ص. ؛ _c24 سم. |
||
| 490 | 0 | _aنبض وطن. | |
| 500 | _aنقابة الصحفيين : اليوبيل الماسي ( 1941/2016 ). | ||
| 541 | _aإهداء من د. محمد شومان. | ||
| 590 | _aدعاء | ||
| 610 | 2 | 7 |
_2BUEsh _aنقابة الصحفيين (مصر) _xتاريخ. |
| 650 | 7 |
_2BUEsh _aالصحافة _xتاريخ _zمصر. |
|
| 653 | _bGGEN | ||
| 942 | _2ddc | ||
| 999 |
_c25094 _d25066 |
||